Normal view
MARC view
- THERMODYNAMISC.FLUID MECHANICS. HEAT TRANSFER.THERMAL SCIENCES
Entry Topical Term
001 - CONTROL NUMBER
- control field: 65680
003 - CONTROL NUMBER IDENTIFIER
- control field: NUST
005 - DATE AND TIME OF LATEST TRANSACTION
- control field: 20210628203455.0
008 - FIXED-LENGTH DATA ELEMENTS
- fixed length control field: 210628|| aca||aabn | a|a d
040 ## - CATALOGING SOURCE
- Original cataloging agency: NUST
- Transcribing agency: NUST
150 ## - HEADING--TOPICAL TERM
- Topical term or geographic name entry element: THERMODYNAMISC.FLUID MECHANICS. HEAT TRANSFER.THERMAL SCIENCES
670 ## - SOURCE DATA FOUND
- Source citation: Work cat.: (NUST): Potter, Merle C, Scott, Elaine P 65679, Thermal sciences, an introduction to thermodynamisc, fluid mechanics and heat transfer, 2007
